[Event "HCL-B3849"]
[Site "www.playchess.de"]
[Date "2006.02.09"]
[Round "18"]
[White "evets"]
[Black "Genesio"]
[WhiteElo "1367"]
[BlackElo "1091"]
[PlyCount "51"]
[Result "1-0"]

1.d4 d5 2.Nf3 Nc6 3.Nbd2 g6 4.e3 Bg7 5.Bd3 Nf6 
6.c3 O-O 7.O-O Re8 8.Re1 Qd6 9.e4 dxe4 10.Nxe4 
Nxe4 11.Bxe4 e5 12.Bxc6 Qxc6 13.Nxe5 Bxe5 14.dxe5 
Be6 15.Bh6 Rad8 16.Qc1 Rd5 17.Qf4 Bf5 18.g4 Rdxe5 
19.Rxe5 f6 20.Rxe8+ Qxe8 21.gxf5 gxf5 22.Qxf5 Qg6+ 
23.Qxg6+ hxg6 24.Rd1 Kh7 25.Be3 b6 
26.Rd7+ 1-0

[Event "HCL-B3879"]
[Site "www.playchess.de"]
[Date "2006.02.09"]
[Round "12"]
[White "xmen"]
[Black "yakajouer"]
[WhiteElo "1433"]
[BlackElo "1500"]
[PlyCount "40"]
[Result "0-1"]

1.e4 c5 {Hi from france. Have a good game.}  2.Nf3 
{Hello from Romania! Best for you too!}  e6 3.c3 
d5 4.e5 d4 5.cxd4 cxd4 6.Qa4+ Nc6 7.Bb5 Bd7 8.O-O 
Nge7 9.b3 Nf5 10.Bb2 a6 11.Bxc6 Bxc6 12.Qc4 Bxf3 
13.gxf3 Qg5+ 14.Kh1 Nh4 15.Rg1 Qxe5 16.Bxd4 Qh5 
17.Rg3 Nxf3 18.Kg2 Nh4+ 19.Kh1 Qd1+ 20.Rg1 
Qf3+ 0-1

[Event "HCL-E1561"]
[Site "www.playchess.de"]
[Date "2006.02.09"]
[Round "21"]
[White "ippuli"]
[Black "Vinci"]
[WhiteElo "1579"]
[BlackElo "1561"]
[PlyCount "66"]
[Result "0-1"]

1.e4 {Hi!}  e6 {hi and nice game!}  2.d4 {To you, 
too! :o)}  d5 3.e5 c5 4.Qg4 cxd4 5.Nf3 Nc6 6.Bd3 
Nge7 7.Bg5 Qc7 8.O-O Ng6 9.Re1 Be7 10.Bxg6 hxg6 
11.c3 dxc3 12.Nxc3 a6 13.Rac1 Bxg5 14.Nxg5 Qe7 
15.Na4 Bd7 16.Nc5 Rh5 17.Nf3 b6 18.Nb7 Kf8 19.Nd6 
Nxe5 20.Nxe5 Qxd6 21.Nxd7+ Qxd7 22.Qb4+ Kg8 
23.Qxb6 d4 24.Rc7 Qd8 25.Qc6 Rd5 26.Rxe6 d3 
27.Rxg6 d2 28.Rxg7+ Kxg7 {exciting game}  29.Qc3+ 
{Yes, but you are winning... :(}  Qf6 {yes, i 
think so too, i saw so many games in this game, 
you know what i mean, so many possibilities... 
incredible... at the end i decided for the free 
pawn... attacking your groundline... luckily.}  
30.Qg3+ Rg5 31.Qb3 Re8 {17. Nb7 was false... in 
this position (before this move) i thought you are 
better...}  32.Rxf7+ Qxf7 33.Qc3+ 
Rge5 0-1

[Event "HCL-B3832"]
[Site "www.playchess.de"]
[Date "2006.02.09"]
[Round "7"]
[White "Bense"]
[Black "garden"]
[WhiteElo "1108"]
[BlackElo "1078"]
[PlyCount "101"]
[Result "1-0"]

1.e4 {Hi,}  e5 {hi from Sao Paulo, Brazil!}  2.d3 
{Hi,from London. Best wishes from Liverpool!}  Nc6 
3.Bd2 Bb4 4.Nf3 d6 5.c3 Ba5 6.b4 Bb6 7.a4 Bg4 8.a5 
Bxf2+ 9.Kxf2 Bh5 10.Be2 Nh6 11.h3 Qe7 12.Bxh6 gxh6 
13.g4 Bg6 14.h4 h5 15.gxh5 Bxh5 16.Ng5 Qf6+ 17.Ke1 
Bxe2 18.Qxe2 h6 19.Qf3 Qxf3 20.Nxf3 O-O-O 21.Nbd2 
d5 22.Rg1 dxe4 23.dxe4 Rhf8 24.Nc4 f5 25.Nfxe5 
Nxe5 26.Nxe5 fxe4 27.Rd1 Rde8 28.Ng6 Rfg8 29.h5 
Re6 30.Ke2 Rge8 31.Rdf1 Kd7 32.Rf7+ Kc6 33.c4 b6 
34.a6 b5 35.c5 Rd8 36.Rgf1 Kd5 37.Rd1+ Kc4 38.Rxd8 
Kxb4 39.Rxc7 e3 40.Rd3 Rxa6 41.Rxe3 Ra2+ 42.Kf3 
Rh2 43.Re5 Rh3+ 44.Kf4 a5 45.Rd7 a4 46.c6 a3 
47.Rd2 Rc3 48.Re6 Rc4+ 49.Re4 Rxe4+ 50.Kxe4 Kb3 
51.c7 1-0

[Event "HCL-C4118"]
[Site "www.playchess.de"]
[Date "2006.02.09"]
[Round "4"]
[White "Ruka"]
[Black "WPrimo"]
[WhiteElo "991"]
[BlackElo "1297"]
[PlyCount "72"]
[Result "0-1"]

1.e4 c5 2.c4 Nc6 3.Nf3 d6 4.d3 Bg4 5.Be2 g6 6.O-O 
Bg7 7.Ng5 Bxe2 8.Qxe2 Nd4 9.Qd2 e6 10.b3 Nf6 
11.Bb2 Nd7 12.b4 cxb4 13.Qxb4 Nc5 14.Qc3 Qxg5 
15.Qxd4 Bxd4 16.Bxd4 {my big blunder}  e5 17.Be3 
Qh5 18.Nc3 Nxd3 19.Rad1 Nb2 20.Rde1 Nxc4 21.Bc1 
O-O 22.f3 Rac8 23.g4 Qh4 24.Nd5 Nb6 25.Nf6+ Qxf6 
26.Bd2 Rc2 27.Rf2 Rfc8 28.Rg2 Nc4 29.Bh6 Rxg2+ 
30.Kxg2 Nd2 31.Bxd2 Rc2 32.Re2 Qe6 33.Kf2 Qxa2 
34.Kg3 Rxd2 35.Re3 Rg2+ 36.Kh3 
Rxh2+ 0-1

[Event "HCL-B3782"]
[Site "www.playchess.de"]
[Date "2006.02.09"]
[Round "20"]
[White "Herbert_Pjede"]
[Black "bonejacker"]
[WhiteElo "1379"]
[BlackElo "1706"]
[PlyCount "69"]
[Result "1-0"]

1.e4 c5 2.Nf3 d6 3.d4 cxd4 4.Nxd4 Nf6 5.Nc3 g6 
6.Bb5+ Bd7 7.Bg5 Bg7 8.O-O O-O 9.Qd2 Nc6 10.Nb3 a6 
11.Be2 b5 12.a3 Ne5 13.Nd4 Re8 14.Rfd1 Qc8 15.Bxf6 
exf6 16.Nd5 Rb8 17.Qf4 Qd8 18.Nb4 Rb6 19.c3 g5 
20.Qg3 Be6 21.Nxa6 Rxa6 22.Bxb5 Rb6 23.Bxe8 Qxe8 
24.b4 h5 25.h4 g4 26.a4 Bc4 27.Nf5 Qb8 28.a5 Ra6 
29.f4 Ng6 30.Rd4 d5 31.exd5 Bxd5 32.Rxd5 Nxf4 
33.Kh1 Qa8 34.Qxf4 Kf8 35.Rad1 1-0

[Event "HCL-M802"]
[Site "www.playchess.de"]
[Date "2006.02.09"]
[Round "9"]
[White "R_I_C_H"]
[Black "TonyP"]
[WhiteElo "1610"]
[BlackElo "2084"]
[PlyCount "132"]
[Result "0-1"]

1.e4 {Hello Tony, hope we have a good game!}  c5 
{Hello - looking forward to a good game}  2.Nf3 e6 
3.d4 cxd4 4.Nxd4 a6 5.Bd3 Qc7 6.O-O Nf6 7.Nc3 Bc5 
8.Nb3 Be7 9.f4 d6 10.Qf3 Nbd7 11.Be3 b5 12.a3 Bb7 
13.Qh3 O-O 14.Rf3 e5 15.f5 Nc5 16.Rg3 Kh8 17.Rc1 
Ncxe4 18.Bxe4 Bxe4 19.Nxe4 Nxe4 20.Rxg7 {Are you a 
member of any chess clubs tony? I play for st 
Albans.}  Kxg7 {I used to play for Stirling C.C. I 
really play only on the internet now. 

But I quite miss over the board games - except for 
the blunders!}  21.Qg4+ {I have improved my game a 
lot since i started playing correspondence chess 
here. I only started club chess last April.}  Kh8 
{I'm impressed! I hate to think how long I have 
been playing now, but I don't suppose I'm getting 
any better.}  22.Qxe4 Rac8 23.Nd2 Qc6 24.c3 Rfg8 
25.Qxc6 Rxc6 26.Rf1 d5 27.Nf3 f6 28.Rd1 Bc5 
29.Bxc5 Rxc5 30.h3 a5 31.Nd2 Rc7 32.Nf3 Rd7 33.Kf1 
Rb8 34.Nd2 b4 35.axb4 axb4 36.Ne4 bxc3 37.bxc3 Kg7 
38.Nc5 Rd6 39.Ne6+ Kf7 40.c4 d4 41.Ra1 Rd7 42.c5 
Rc8 43.Ke2 Rc6 44.Ra8 Rxe6 {Just to let you know 
that I shall be away for a while from this Sunday. 
I will of course use the pause facility, but it 
will probably be more than a week before I can 
send my next move. Tricky position! 

Best Wishes, Tony}  45.fxe6+ {Cheers for letting 
me know.}  Kxe6 46.Rc8 {sorry i've taken so long 
to move. hard to find the time to study this 
position!}  Kd5 {I know how you feel!}  47.c6 Rd6 
48.c7 Kc6 49.Rh8 Kxc7 50.Rxh7+ Rd7 51.Rh6 Rd6 
52.Rh7+ {Hope you had a nice Christmas Tony.}  Kd8 
53.Kd1 {Wishing you a Happy New Year Tony!}  d3 
{Sorry I missed your previous message - Happy New 
Year to you too!}  54.Rh4 Re6 55.Re4 f5 56.Re3 e4 
57.g3 Ke7 58.Kd2 Kf6 59.Re1 Rd6 60.g4 Ke5 61.gxf5 
Kd4 62.Rf1 e3+ 63.Kc1 d2+ 64.Kd1 Kd3 65.Rf3 Rc6 
66.f6 {Well played Tony!}  Rc1+ 0-1

[Event "HCL-C4138"]
[Site "www.playchess.de"]
[Date "2006.02.09"]
[Round "10"]
[White "Tribun"]
[Black "gi4o"]
[WhiteElo "400"]
[BlackElo "800"]
[PlyCount "64"]
[Result "0-1"]

1.e4 d5 2.e5 e6 3.d4 c6 4.Bd3 Qc7 5.Be3 f6 6.exf6 
Nxf6 7.Nc3 Bb4 8.Qd2 Bxc3 9.Qxc3 O-O 10.O-O-O b6 
11.Qd2 h6 12.Nf3 Ng4 13.Bg6 Rf6 14.Bf4 Qxf4 
15.Rde1 Qxd2+ 16.Kxd2 Rxg6 17.Ref1 Ba6 18.h3 Bxf1 
19.hxg4 Bxg2 20.Re1 Bxf3 21.c3 Nd7 22.g5 hxg5 
23.a4 c5 24.Re5 Nxe5 25.dxe5 Rh6 26.c4 d4 27.Kc2 
Rh2 28.Kb3 a5 29.Ka2 Rxf2 30.Ka3 d3 31.b4 cxb4+ 
32.Kb3 Bd1+ 0-1

[Event "HCL-A2590"]
[Site "www.playchess.de"]
[Date "2006.02.09"]
[Round "5"]
[White "RUDI"]
[Black "PhilipKaveny"]
[WhiteElo "1234"]
[BlackElo "1396"]
[PlyCount "130"]
[Result "1/2-1/2"]

1.Nc3 {Hi, here is another one in A-League. 
Haven`t scored yet.}  e5 {I was hoping you would 
join me}  2.e4 {good morning!}  g6 {Good morning 
6:37 here}  3.Bc4 {I saw you got your draw in this 
other game, well done. You saw my game with 
KingSlayer?}  Bg7 {I will check}  4.d3 Nf6 5.Bg5 
O-O 6.Qd2 c6 7.Nf3 {okay, Kingslayer is finished. 
Anything else I can do for you?}  d6 {Contract 
fullfilled--Play you best against me and stay in 
Class A I will be knocking off some of those guys. 
Lool I am playing like a littleold lady}  8.Ne2 
{little old ladies can be quite tough and 
beasty...}  Qb6 {Like my sainted late mother}  
9.Bb3 Ng4 10.O-O h6 11.Be3 {oh, this Americans are 
gorgious people. Saw a report on TV today, they 
sit there, waiting for a woodchuck to come out and 
do the weather-forecast...}  Nxe3 {We call that a 
ground hog - and we celebrate groundhog day}  
12.Qxe3 {okay. I saw this Film about it with, I 
think it was Bill Murray, where a day repeats 
itself over and over.}  Qxe3 {Hmm I love Bill 
Murry}  13.fxe3 {Name sounds irish...}  b5 {Just 
like mine I am going for a win , and you know I 
love cheap shots}  14.c3 a5 15.d4 a4 16.Bc2 Ba6 
17.Rf2 Nd7 18.b4 axb3 19.axb3 Bb7 20.Rxa8 Rxa8 
21.Bd3 {I`m back in B-League now. Some old 
tournament is done.}  f6 {If I am n ot carefull 
you will put me back in B league. You have a big 
pile of my rating points
}  22.h3 {but who cares about rating points 
anyway...}  Ra3 {Chess got to be at lot more fun 
when I cared less}  23.Nc1 {well, everybody wants 
to win, of course, as it is in any sport.}  exd4 
24.exd4 Ra1 25.Rf1 Ba6 26.b4 c5 27.dxc5 dxc5 
28.Nb3 Rxf1+ {Rudy  I almost lost my rook  you 
trickster}  29.Bxf1 {sorry, had some guiness last 
night, 2 bottles left... and I almost used my King 
to take your rook...}  c4 {I was hoping for that 
:)}  30.Nbd4 {if you like short games, look at 
HCL-A2576-18. 14 moves only and inevitably a 
winner.}  Kf7 {Have a couple more Guiness You 
earned them. Will you be watching the super bowl}  
31.Nd2 {no, I don`t even know the 
rules...
we got soccer over here and we got the world cup 
in summer}  f5 {Soccer is a beter game American 
football is very industrail industrail. Take time 
on this move I will be back in a couple of hours. 
This is where I go for it.:)}  32.exf5 {go for 
what? It`s my turn to win!...
I go to bed early tonight, next  move might be 
monday somewhen.}  Bxd4+ 33.cxd4 gxf5 34.Nb1 
{...and back in A-League again.}  Nb8 35.Na3 {I 
anticipated that corectly, I suppose.}  Nc6 {Maybe 
I did'nt}  36.Nc2 {(offering draw)}  Ke6 {Lets 
play a few more moves}  37.g3 Ne7 38.Bg2 Nd5 
39.Bxd5+ Kxd5 40.Kf2 Ke4 {I may regret this}  
41.Ke2 h5 42.h4 f4 {Banzi}  43.gxf4 {Banzi?}  Kxf4 
44.Ne3 {what`s Banzi?}  Kg3 {The Japanese used to 
yell it during the second world war when they 
would make a hopless sucidial attack. I hope that 
iis not un bad taste}  45.d5 {thought i`t`s also 
called Kamikaze}  Bc8 {No that what they called 
the pilots it means devine wind. These were foot 
soldiers}  46.d6 Kxh4 47.Nd5 {I see you really 
wanna win this}  Kg5 {I think this is my best}  
48.Nb6 {best what - best game ever?}  Bh3 {Yes 
Still not clear to me but I almost dropped my 
Knight}  49.d7 Bxd7 50.Nxd7 {will you get this 
through to make a Queen?}  Kf5 {I think this is my 
best line Do you Know the rule of 3}  51.Nc5 {3 
repetitions? sure. per my estimation you want get 
your pawns through}  h4 {No if three  is is 
diagonal sqaure between a knight and a piece it 
takes three move at least for the knight to attack 
it.}  52.Kf3 {sounds logical}  h3 53.Kg3 c3 
54.Kxh3 Ke5 {I need to eat supper be back in about 
20 minutes}  55.Kg2 Kd5 56.Nb3 {good mornig. I 
think I can stop you.}  Kc4 {Put Etre}  57.Nc1 
{???}  Kxb4 58.Kf2 Ka3 {Rule of 3}  59.Ke1 b4 
60.Kd1 b3 61.Ne2 Kb2 62.Nc1 c2+ 63.Kd2 Ka3 64.Nxb3 
Kxb3 65.Kc1 Kc3 {This is how it must end well done 
maybe I had better but I was afraid not to take 
your pawn}  1/2-1/2

[Event "HCL-T258"]
[Site "www.playchess.de"]
[Date "2006.02.09"]
[Round "6"]
[White "Sixty4"]
[Black "stevetilbury"]
[WhiteElo "1719"]
[BlackElo "1562"]
[PlyCount "56"]
[Result "0-1"]

1.b4 Nc6 2.b5 {This is a surprising answer on 
1.b4. Good luck!}  Ne5 {Many years ago I 
experimented with Nc6 and Na6. Saw the opportunity 
to play a few games again! It leads to unusual 
positions - look forward to it.}  3.e3 {This looks 
very interesting. I love unusual opening moves a 
lot!}  e6 4.f4 Ng6 5.Nf3 Nf6 6.Be2 b6 7.O-O Be7 
8.c4 Bb7 9.Nc3 O-O 10.Nd4 c5 11.bxc6 dxc6 12.Qc2 
c5 13.Nf3 Bd6 14.Bb2 a6 15.Rad1 Qc7 16.d3 Rfe8 
17.Ne1 Rad8 18.Bf3 Bxf3 19.Nxf3 e5 20.f5 Ne7 21.e4 
Nc6 22.Bc1 Rdb8 23.Bg5 Nd4 24.Qf2 {Difficult 
position - timing is very important.}  Nd7 {Yes - 
I get these type of positions over the board and 
never know what to do!}  25.Nd5 {Well, I think one 
should try to keep the opponent busy and avoid 
losing tempi. At least, that's what I try... ;-)}  
Qb7 26.f6 g6 27.Qh4 Ne6 28.Be3 
Bf8 0-1

[Event "HCL-E1564"]
[Site "www.playchess.de"]
[Date "2006.02.09"]
[Round "7"]
[White "ippuli"]
[Black "Emerson"]
[WhiteElo "1579"]
[BlackElo "1790"]
[PlyCount "66"]
[Result "1/2-1/2"]

1.e4 {Hi again... good luck!}  c5 {I am glad to 
meet you again!}  2.Nf3 {Me, too!}  Nc6 3.Bc4 e6 
4.O-O d5 5.exd5 exd5 6.Bb5 Be7 7.Ne5 Qd6 8.Bxc6+ 
bxc6 9.Re1 Nf6 10.d3 Nd7 11.Bf4 Nxe5 12.Bxe5 Qg6 
13.Re3 Bg4 14.Qe1 O-O 15.Rg3 Bh4 16.Re3 Rfe8 17.g3 
Bg5 {the snow has gone
:-((}  18.f4 {The spring is coming :o))}  Bh6 {not 
at once
:-(((}  19.Bd4 Rxe3 20.Bxe3 Re8 21.Qd2 d4 22.Bf2 
Bf3 23.Na3 Bd5 24.b3 Qg4 25.Qd1 Re2 26.Qxe2 
{Look's bad....}  Qxe2 {for me or for you?}  
27.Re1 {Seem's so, that nobody has benefit in this 
game.....}  Qxe1+ {that´s what I meant; perhaps 
are the "bishop-twins" a little advantage??}  
28.Bxe1 {Maybe...}  g5 29.fxg5 Bxg5 30.Kf2 h5 
31.Ke2 Be6 32.h4 Bg4+ 33.Kf1 Bd8 {(offering draw)} 
 1/2-1/2

[Event "HCL-B3862"]
[Site "www.playchess.de"]
[Date "2006.02.09"]
[Round "17"]
[White "gronico"]
[Black "garden"]
[WhiteElo "1160"]
[BlackElo "1164"]
[PlyCount "69"]
[Result "1/2-1/2"]

1.e4 e5 2.Bc4 d6 3.Qf3 Qf6 4.Nc3 Qxf3 5.Nxf3 h6 
6.d4 Bg4 7.Be2 Bxf3 8.Bxf3 Nc6 9.d5 Nd4 10.Be3 
Nxc2+ 11.Ke2 Nxa1 12.Rxa1 Nf6 13.Nb5 Kd7 14.Nxa7 
c5 15.Nb5 Ra5 16.Nc3 Ra6 17.g4 Rb6 18.b3 Ne8 19.h4 
Be7 20.h5 g5 21.Bg2 Nf6 22.Kf3 Bd8 23.Bf1 Ke7 
24.Bc4 Nd7 25.a4 Nb8 26.Ne2 Na6 27.Ng3 Kf8 28.Nf5 
Nb4 29.Bd2 Nc2 30.Ra2 Nb4 31.Bxb4 Rxb4 32.Nxd6 Rb6 
33.Nf5 Rf6 34.Ke3 Ba5 35.Kd3 {(offering draw)} 
 1/2-1/2

[Event "HCL-M841"]
[Site "www.playchess.de"]
[Date "2006.02.09"]
[Round "20"]
[White "mige"]
[Black "Hawk2008"]
[WhiteElo "1789"]
[BlackElo "1939"]
[PlyCount "53"]
[Result "1-0"]

1.e4 c5 2.Nf3 Nc6 3.d4 cxd4 4.Nxd4 e6 5.Be2 Qc7 
6.Nb5 Qb8 7.Be3 a6 8.N5c3 Nf6 9.f4 Bb4 10.O-O d6 
11.a3 Ba5 12.Bd3 b5 13.Qf3 Qc7 14.e5 Nd7 15.Qg3 g6 
16.exd6 Qxd6 17.Ne4 Qe7 18.Nbd2 Bb6 19.Nb3 Bxe3+ 
20.Qxe3 O-O 21.Rae1 Rd8 22.c4 bxc4 23.Bxc4 Rb8 
24.Qc3 Bb7 25.Nbc5 Nxc5 26.Nf6+ Kf8 
27.Nd5 1-0

[Event "ACL-T166"]
[Site "www.playchess.de"]
[Date "2006.02.09"]
[Round "21"]
[White "Goofy"]
[Black "ETC_Chess"]
[WhiteElo "1943"]
[BlackElo "1930"]
[PlyCount "50"]
[Result "0-1"]

1.g4 d5 {Hello again and good luck!}  2.h3 {Same 
to you!! ;o))}  e5 3.Bg2 c6 4.d3 Bd6 5.e4 Ne7 
6.Nc3 Be6 {Merry Christmas and Happy New Year!}  
7.Nge2 {Same to you! ;o))}  d4 8.Nb1 Ng6 9.Ng3 Nf4 
10.Bf3 Qa5+ 11.Bd2 Qb6 12.Bc1 Nd7 13.Nd2 O-O-O 
14.Nb3 Bb4+ 15.Bd2 Bxd2+ 16.Qxd2 Kb8 17.O-O-O Bxb3 
18.axb3 Nc5 19.Kb1 Na6 20.Ne2 Nb4 21.Nc1 c5 22.c3 
dxc3 23.Qxc3 Rhe8 24.g5 Qa5 25.Bg4 
Rd6 0-1

[Event "HCL-B3786"]
[Site "www.playchess.de"]
[Date "2006.02.09"]
[Round "5"]
[White "Sporang"]
[Black "Gorky"]
[WhiteElo "946"]
[BlackElo "1200"]
[PlyCount "51"]
[Result "0-1"]

1.e4 c5 2.Nf3 Nc6 3.Bc4 e5 4.O-O Na5 5.Bd5 f6 6.d3 
Bd6 7.Nbd2 Ne7 8.Bb3 Nxb3 9.axb3 b6 10.Nc4 Qc7 
11.Bd2 b5 12.Nxd6+ Qxd6 13.c4 Qxd3 14.Re1 Bb7 
15.Re3 Qd6 16.Qe2 O-O 17.Rd1 Ng6 18.cxb5 Qb6 
19.Qc4+ Kh8 20.Rd3 d6 21.Be3 Rfd8 22.b4 a6 23.bxc5 
Qxb5 24.Qxb5 Bxe4 25.Qc4 Bxf3 26.gxf3 0-1

[Event "HCL-B3879"]
[Site "www.playchess.de"]
[Date "2006.02.09"]
[Round "8"]
[White "yakajouer"]
[Black "RUDI"]
[WhiteElo "1500"]
[BlackElo "1234"]
[PlyCount "24"]
[Result "0-1"]

1.d4 {Hi from france. Have a}  d5 {hi from near 
munich. Nice to meet you, enjoy!}  2.Nf3 Nc6 3.e3 
Bg4 4.Bb5 Bd7 5.O-O a6 6.Be2 e6 7.c3 Be7 8.Nbd2 
Nf6 9.Bd3 O-O 10.e4 dxe4 11.Nxe4 Nxe4 12.Bxe4 
f5 0-1

[Event "HCL-E1465"]
[Site "www.playchess.de"]
[Date "2006.02.09"]
[Round "5"]
[White "Jure"]
[Black "vhpower"]
[WhiteElo "1618"]
[BlackElo "1632"]
[PlyCount "78"]
[Result "1/2-1/2"]

1.e4 e5 2.Nf3 Nc6 3.Bc4 Bc5 4.O-O Nge7 5.Re1 d6 
6.c3 O-O 7.d3 Be6 8.Bb5 Bb6 9.Nbd2 a6 10.Ba4 Ba7 
11.Nf1 b5 12.Bc2 Ng6 13.Ng3 Nce7 14.Ng5 Qd7 15.Qh5 
h6 16.Nxe6 fxe6 17.Be3 Bxe3 18.fxe3 Rf6 19.Ref1 
Raf8 20.d4 c6 21.Rad1 exd4 22.exd4 e5 23.dxe5 
R6xf1+ 24.Nxf1 Qa7+ 25.Kh1 Qf2 26.Bb3+ Kh8 27.Ng3 
Nxe5 28.Qe2 Qxe2 29.Nxe2 Ng4 30.Kg1 Ne3 31.Re1 c5 
32.Ng3 Ng4 33.h3 Ne5 34.Rd1 c4 35.Bc2 Rd8 36.Kf2 
N7g6 37.Nf5 Nf7 38.Ke3 Nge5 39.a4 g6 {(offering 
draw)}  1/2-1/2

[Event "HCL-B3879"]
[Site "www.playchess.de"]
[Date "2006.02.09"]
[Round "17"]
[White "yakajouer"]
[Black "Ulpe"]
[WhiteElo "1500"]
[BlackElo "1604"]
[PlyCount "47"]
[Result "0-1"]

1.d4 {Hi from France. Have a good game}  Nf6 2.Nf3 
e6 3.Nbd2 d5 4.e3 c5 5.c3 Nc6 6.Bd3 Bd6 7.O-O O-O 
8.dxc5 Bxc5 9.e4 Qc7 10.Qe2 b6 11.e5 Ng4 12.Bxh7+ 
Kxh7 13.Ng5+ Kg8 14.Qxg4 Qxe5 15.Qh5 Qf5 16.Ndf3 
Ba6 17.Rd1 Bd3 18.Re1 Rad8 19.Be3 d4 20.cxd4 Nxd4 
21.Nh4 Qd5 22.Rad1 Qc4 23.b3 {You are a cheater.}  
Qc3 {I'm a IM}  24.Rdc1 {You are a cheater. You 
play with Schredder}  0-1

[Event "HCL-C4035"]
[Site "www.playchess.de"]
[Date "2006.02.09"]
[Round "19"]
[White "EdDaChed"]
[Black "foxcar"]
[WhiteElo "1079"]
[BlackElo "1137"]
[PlyCount "86"]
[Result "0-1"]

1.e4 e5 {hi have a good game.}  2.Bc4 Bc5 3.Qf3 
{You have a good game and a Merry Christmas 
....too}  Nf6 {merry christmas to you also.}  4.d3 
c6 5.Nc3 Bb4 6.a3 Bd6 7.Bg5 Be7 8.O-O-O h6 9.Be3 
d5 10.exd5 cxd5 11.Nxd5 Nxd5 12.Bxd5 Be6 13.Bxb7 
Bxa3 14.bxa3 Qa5 15.Bxa8 Qxa3+ 16.Kd2 Qb4+ 17.Ke2 
O-O 18.Qg3 Nd7 19.Rb1 Qxb1 20.Be4 Qxc2+ 21.Bd2 Nc5 
22.Nf3 Nxe4 23.Qxe5 Nf6 24.Rc1 Qb3 25.Qg3 Rd8 
26.Ne5 Nh5 27.Qh4 Nf6 28.f3 Qd5 29.Qf4 Qd4 30.Qxd4 
Rxd4 31.Rc8+ Bxc8 32.Nc6 Rd7 33.Ne5 Re7 34.f4 Ng4 
35.d4 Ba6+ 36.Kf3 Nxh2+ 37.Kf2 f6 38.Bb4 Rb7 
39.Nc6 Bc4 40.Bd6 Rb2+ 41.Kg3 Nf1+ 42.Kh4 a6 43.g4 
Rh2+ 0-1

[Event "HCL-A2565"]
[Site "www.playchess.de"]
[Date "2006.02.09"]
[Round "8"]
[White "carrillero"]
[Black "MimiSiku"]
[WhiteElo "1604"]
[BlackElo "1525"]
[PlyCount "49"]
[Result "1-0"]

1.d4 {Good luck}  c6 {Thx! Wish you the same}  
2.e4 d5 3.Nc3 dxe4 4.Nxe4 Bf5 5.Ng3 Qd5 6.Nxf5 
Qxf5 7.Bd3 Qd7 8.Nf3 e6 9.O-O Bd6 10.Ne5 Bxe5 
11.dxe5 Ne7 12.Qg4 g6 13.Bg5 Qc7 14.Bf6 Rg8 15.Qh4 
h5 16.c4 Nd7 17.Bxe7 Nxe5 18.Bf6 Nxd3 19.Rad1 Nxb2 
20.Bxb2 Rd8 21.Rxd8+ Qxd8 22.Qxd8+ Kxd8 23.c5 Ke7 
24.Rd1 Rd8 25.Bf6+ 1-0

[Event "HCL-A2584"]
[Site "www.playchess.de"]
[Date "2006.02.09"]
[Round "10"]
[White "badplayer"]
[Black "Sobral"]
[WhiteElo "1581"]
[BlackElo "1381"]
[PlyCount "55"]
[Result "1-0"]

1.e4 {Hullo from India}  c5 {Hello from São Paulo, 
Brazil! I wish you a good game! Regards.}  2.Nf3 
Nc6 3.d4 cxd4 4.Nxd4 Nf6 5.Nc3 d6 6.Be2 g6 7.O-O 
Bg7 8.a3 O-O 9.f3 Nd7 10.Nxc6 bxc6 11.Qd2 Nc5 
12.Rb1 Qb6 13.Kh1 Rb8 14.b4 Ne6 15.Bb2 Qc7 16.Rfc1 
Bd7 17.Nd1 Bxb2 18.Rxb2 c5 19.c4 cxb4 20.axb4 Rb6 
21.Nc3 Bc6 22.Nd5 Qb7 23.Nxb6 Qxb6 24.g3 Ng7 25.c5 
Qb7 26.b5 Bxe4 27.c6 Bxf3+ 28.Bxf3 1-0

[Event "HCL-A2554"]
[Site "www.playchess.de"]
[Date "2006.02.09"]
[Round "1"]
[White "Wernswig"]
[Black "Jule"]
[WhiteElo "1416"]
[BlackElo "1432"]
[PlyCount "87"]
[Result "1-0"]

1.e4 {hallo. frohes neues jahr und viel spaß bei 
diesem spiel}  e5 {Guten Tag. Ebenfalls ein 
gesundes neues Jahr.Ebenfalls viel Spass bei 
dieser Partie}  2.f4 Nc6 3.Nf3 Bd6 4.f5 Nf6 5.d3 
h6 6.Be2 Bc5 7.Nc3 O-O 8.Bd2 Ng4 9.Rf1 Bf2+ 
10.Rxf2 Nxf2 11.Kxf2 d6 12.g4 f6 13.Qg1 Bd7 14.h4 
Be8 15.g5 h5 16.g6 Nb4 17.Rc1 d5 18.a3 dxe4 
19.Nxe4 Nc6 20.Be3 Bd7 21.Nfd2 Bxf5 22.Bxh5 Nd4 
23.Bf3 Qe8 24.h5 Rc8 25.Ng3 Qd7 26.Ke1 Nxf3+ 
27.Nxf3 Bg4 28.Qh1 Qd5 29.Kf2 f5 30.Bd2 e4 31.Ng5 
Qd4+ 32.Be3 Qxb2 33.h6 exd3 34.Qd5+ Kh8 35.Nf7+ 
Rxf7 36.Qxf7 Rg8 37.h7 Ra8 38.Nxf5 Bxf5 39.Qxf5 
dxc2 40.Rxc2 Qxa3 41.Rxc7 Rf8 42.Rf7 Qa2+ 43.Kg3 
Rxf7 44.Qc8+ 1-0

[Event "HCL-E1571"]
[Site "www.playchess.de"]
[Date "2006.02.09"]
[Round "11"]
[White "mrchess"]
[Black "yannick"]
[WhiteElo "1502"]
[BlackElo "1553"]
[PlyCount "35"]
[Result "1/2-1/2"]

1.d4 {good luck}  d5 {U2}  2.e3 Nc6 3.c3 e5 4.dxe5 
Nxe5 5.Nf3 Nxf3+ 6.Qxf3 Nf6 7.Qd1 Bd6 8.Nd2 O-O 
9.Bd3 c5 10.Qc2 c4 11.Bf5 Bxf5 12.Qxf5 Qc7 13.Nf3 
Qc8 14.Qxc8 Raxc8 15.Nd4 Ng4 16.h3 Nf6 17.O-O Ne4 
18.a4 {(offering draw)}  1/2-1/2